000
00336nam a22001457a 4500
008
221014b ||||| |||| 00| 0 eng d
020
_a
9789997638243
041
_a
eng
080
_2
SIXTH EDITION
_a
616.9
082
_a
616.9 MAN
100
_a
16.2
101
_a
INFEK
245
_a
INFECTIOUS DISEASES
_c
MANDELL G
942
_2
udc
_c
BK
999
_c
58556
_d
58556